000 00657nam a22002417a 4500
003 UA-OsUOA
001 46988
007 ta
008 20120522b un ||||| |||| 00| 0 ukr d
100 _aФеденко П.
090 _a09.-82-32
_bФ32
942 _cBR
040 _aUA-OsUOA
_bukr
_cUA-OsUOA
_dUA-OsUOA
245 _aСвоєю рукою...
_bоповідання
300 _a26 с.
955 _a3
041 _aukr
080 _a09.-82-32
260 _c1946
650 7 _a0 Загальний відділ.
_2UDC
999 _c427094
_d427094